| 000 | 00520nam a2200157Ia 4500 | ||
|---|---|---|---|
| 003 | SGT | ||
| 020 | _a9788121917735 | ||
| 082 |
_a658 _bTEL |
||
| 100 | _aTelsang,Martand | ||
| 245 | _aIndustrial engineering and production management | ||
| 260 |
_bS.Chand _aN.Delhi _c2012 |
||
| 300 | _a687p. | ||
| 650 | _aMECHANICAL ENGINEERING | ||
| 653 | _aINTRODUCTION TO INDUSTRIAL ENGINEERING,PRODUCTIVITY,WORK-STUDY,METHOD STUDY,WORK MEASUREMENT,VALUE ENGINEERING,PLANT LOCATION,ERGONOMICS,GROUP TECHNOLOGY | ||
| 942 |
_2ddc _cBK _016 |
||
| 999 |
_c5428 _d5428 |
||